THEORY AND PRACTICE OF REVENUE MANAGEMEN (Record no. 4468)

MARC details
000 -LEADER
fixed length control field 00350nam a2200133Ia 4500
008 - FIXED-LENGTH DATA ELEMENTS--GENERAL INFORMATION
fixed length control field 240624s9999 xx 000 0 und d
041 ## - LANGUAGE CODE
Language code of text/sound track or separate title eng
082 ## - DEWEY DECIMAL CLASSIFICATION NUMBER
Classification number 658.1554 TAL
100 ## - MAIN ENTRY--PERSONAL NAME
Personal name TALLURI KALYAN T
245 ## - TITLE STATEMENT
Title THEORY AND PRACTICE OF REVENUE MANAGEMEN
260 ## - PUBLICATION, DISTRIBUTION, ETC.
Date of publication, distribution, etc. 2005
Place of publication, distribution, etc. USA
Name of publisher, distributor, etc. Springer
300 ## - PHYSICAL DESCRIPTION
Extent xxxii, : 712 : p. : cm. ; 23
365 ## - TRADE PRICE
Currency code ERU
Price amount 25
Holdings
Withdrawn status Lost status Damaged status Not for loan Home library Current library Shelving location Date acquired Source of acquisition Cost, normal purchase price Full call number Barcode Date last seen Copy number Price effective from Koha item type
        IMTN IMTN Rack 25-B 01/18/2007 AP 75.00 658.1554 TAL 4468 06/24/2024 60.9 06/24/2024 Books
Designed & Maintained by: LRC IMT Nagpur Contact: lrc@imtnag.ac.in© 2024. All Rights Reserved.